[Event "Cheliabinsk Cup"]
[Site "Cheliabinsk"]
[Date "2008.09.06"]
[Round "5"]
[White "Bashkov, Viacheslav"]
[Black "Nazipov, Ruslan"]
[Result "1-0"]
[WhiteElo "2316"]
[BlackElo "2121"]
[PlyCount "62"]
[EventDate "2008.09.02"]
[EventType "swiss"]
[EventRounds "9"]
[EventCountry "RUS"]
[SourceTitle "EXT 2010"]
[Source "ChessBase"]
[SourceDate "2010.11.25"]
[SourceVersion "1"]
[SourceVersionDate "2010.11.25"]
[SourceQuality "1"]

1. e4 e6 2. d4 d5 3. Nd2 Nf6 4. e5 Nfd7 5. c3 c5 6. f4 b6 7. Ndf3 Be7 8. Bd3 Ba6 9. f5 Bxd3 10. Qxd3 cxd4 11. cxd4 Qc8 12. fxe6 fxe6 13. Ne2 Qc4 14. Qd1 Nc6 15. 0-0 Nb4 16. Nf4 Nc2 17. Rb1 Nf8 18. b3 Qc6 19. Nh5 Rg8 20. Bg5 Bxg5 21. Nxg5 Qc3 22. Rf2 Nxd4 23. Nf7 Nf5 24. Rc1 Qe3 25. g4 Kxf7 26. gxf5 Qg5+ 27. Ng3 Rh8 28. Rc7+ Kg8 29. f6 gxf6 30. exf6 Ng6 31. Qd4 Ne5 1-0

[Event "Cheliabinsk Region-ch"]
[Site "Cheliabinsk"]
[Date "2008.03.03"]
[Round "3"]
[White "Nazipov, Ruslan"]
[Black "Berejnoi, Vladimir"]
[Result "1/2-1/2"]
[WhiteElo "2108"]
[BlackElo "2221"]
[PlyCount "88"]
[EventDate "2008.03.01"]
[EventType "swiss"]
[EventRounds "9"]
[EventCountry "RUS"]
[SourceTitle "CBM 123 Extra"]
[Source "ChessBase"]
[SourceDate "2008.05.06"]
[SourceVersion "1"]
[SourceVersionDate "2008.05.06"]
[SourceQuality "1"]

1. e4 c5 2. Nf3 a6 3. c3 d5 4. exd5 Qxd5 5. Na3 Bg4 6. Be2 Nd7 7. h3 Bh5 8. d4 cxd4 9. g4 Bg6 10. Qxd4 Ngf6 11. Be3 e5 12. Qa4 Be4 13. Rd1 Qc6 14. Qxc6 Bxc6 15. Nc4 Nd5 16. Na5 Nxe3 17. fxe3 Be4 18. Rf1 f6 19. Nd2 Bd5 20. e4 Bc6 21. Nxc6 bxc6 22. Nc4 0-0-0 23. g5 Kc7 24. Bg4 Be7 25. Bxd7 Rxd7 26. Rxd7+ Kxd7 27. gxf6 Bxf6 28. Ke2 Kc7 29. Rd1 Rd8 30. Rxd8 Kxd8 31. Ne3 h5 32. Nf5 Kd7 33. Ng3 g6 34. Nf1 Bg5 35. Nh2 Ke6 36. Nf3 Be7 37. Nd2 Bg5 38. Nc4 Bd8 39. Nd2 Bg5 40. Nb3 Be7 41. Na5 Kd7 42. Nc4 Ke6 43. Na5 Kd7 44. Nc4 Ke6 1/2-1/2